000 01129nam a2200193 a 4500
008 180918t2015 sp |||g||||| 001 1 spa d
020 _a9789876129879
041 _aspa
092 _c808
_l32
_sHAS
100 1 _aHaston, Meg
_94312
245 _aPaper weigt.
_b¿Cuál es el peso de la culpa? /
_cMeg Haston
250 _a1a ed.
_bTraducción Belén Sánchez Parodi
260 _aBuenos Aires:
_bV&R editoras;
_c2015.
300 _a336 p.
_c21x14 cm.
500 _aHaston, M. (2015). Paper weight. ¿Cuál es el peso de la culpa?. (1a ed.). Buenos Aires : V&R editoras.
505 _a¿Cuál es el precio de enfrentar el pasado?. Stevie está atrapada: en su vida, en su cuerpo. Y ahora, en un centro de rehabilitación para jóvenes con problemas alimenticios. Pero lo que es aún peor, está atrapada en el pasado. A 27 días de que se cumpla un año de la muerte de su hermano, todo en su vida parece empeorar. Pero, tal vez, en 27 días pueda solucionar las cosas. Tal vez, en 27 días pueda quitarse ese gran peso que la acompaña a todas partes y así terminar con todo.
655 _aLiteratura
_92917
942 _2ddc
_cLIT
999 _c3263
_d3263